000 00284nam a22001097a 4500
008 170106b xxu||||| |||| 00| 0 eng d
020 _a9780834209268
041 _aeng
080 _24TH
_a618.2
245 _aNURSING ADMINISTRATION HANDBOOK
_cROWLAND, H.S & ROWLAND, B.L
942 _2udc
_cBK
999 _c2593
_d2593